Propuesta de un sistema de tratamiento terciario para la reutilización del efluente de una planta de tratamiento de aguas residuales existente
Uloženo v:
| Hlavní autor: | |
|---|---|
| Médium: | Kniha |
| Vydáno: |
San José, [Costa Rica]
2008
|
| Témata: | |
| Tagy: |
Přidat tag
Žádné tagy, Buďte první, kdo vytvoří štítek k tomuto záznamu!
|
MARC
| LEADER | 00000nam a2200000Ia 4500 | ||
|---|---|---|---|
| 003 | 001310 | ||
| 005 | 20221231144051.0 | ||
| 008 | 140114s2008 cr a 000 ||s d | ||
| 040 | |c cru CEDI | ||
| 090 | |a TFG 5833 | ||
| 100 | |a Rojas Paniagua, Hugo |9 3906 | ||
| 245 | |a Propuesta de un sistema de tratamiento terciario para la reutilización del efluente de una planta de tratamiento de aguas residuales existente | ||
| 260 | |c 2008 |b San José, [Costa Rica] | ||
| 300 | |a xv, 150 hojas, [7] páginas; ilustraciones (algunas a color) | ||
| 500 | |a Tesis (licenciatura en ingeniería química)--Universidad de Costa Rica. Facultad de Ingeniería. Escuela de Ingeniería Química | ||
| 650 | |x PURIFICACION DE AGUAS RESIDUALES |x NORMAS |x REUTILIZACION DEL AGUA |x PLANTA DE TRATAMIENTO DE AGUAS RESIDUALES DE PRODUCTORA LA FLORIDA. PLANTA CRISTAL |x BRIDGESTONE FIRESTONE DE COSTA RICA |9 3907 | ||
| 942 | |c TFG | ||
| 999 | |c 16402 |d 16402 | ||
